| 000 | 00696nam a2200241Ia 4500 | ||
|---|---|---|---|
| 003 | OSt | ||
| 005 | 20220918205224.0 | ||
| 006 | a|||||r|||| 00| 0 | ||
| 007 | ta | ||
| 008 | 220917b |||||||| |||| 00| 0 eng d | ||
| 024 | _a115,789 | ||
| 037 | _cTextual | ||
| 040 |
_aARTS _cARTS _beng |
||
| 041 |
_2eng _aeng |
||
| 082 | _aV617:28tN54, J4 (906) | ||
| 110 |
_aBasutoland Administrative Reforms Committee _9114488 |
||
| 245 | 0 |
_aBasutoland Administrative Reforms Committee _b Report |
|
| 260 | _c1954 | ||
| 650 | _aHISTORY | ||
| 700 |
_aBasutoland Administrative Reforms Committee _9114489 |
||
| 942 |
_hV617:28tN54, J4 (906) _cTEXL _2CC |
||
| 999 |
_c239118 _d239118 |
||